Normal view
MARC view
- Nering, Evar D.
Entry Personal Name
001 - CONTROL NUMBER
- control field: 5413
003 - CONTROL NUMBER IDENTIFIER
- control field: JO-AjAnu
005 - DATE AND TIME OF LATEST TRANSACTION
- control field: 20230606071159.0
008 - FIXED-LENGTH DATA ELEMENTS
- fixed length control field: 230606|| aca||aabn | a|a d
040 ## - CATALOGING SOURCE
- Original cataloging agency: JO-AjAnu
- Transcribing agency: JO-AjAnu
100 ## - HEADING--PERSONAL NAME
- Personal name: Nering, Evar D.
670 ## - SOURCE DATA FOUND
- Source citation: Work cat.: (JO-AjAnu)2793: Nering, Evar D. , author, Linear Algebra And Matrix Theory